პრაქტიკული სახელმძღვანელო გამოთვლების მეთოდებსა და პროგრამირებაში (ბიბ.ჩანაწერი № 38802)
[ მარტივი ფორმატი ]
| 000 -LEADER | |
|---|---|
| fixed length control field | 00889nam a2200217Ia 4500 |
| 001 - CONTROL NUMBER | |
| control field | 5165 |
| 003 - CONTROL NUMBER IDENTIFIER | |
| control field | GE_BSU |
| 008 - FIXED-LENGTH DATA ELEMENTS--GENERAL INFORMATION | |
| fixed length control field | 181216s||||||||xx |||||||||||||| ||und|| |
| 040 ## - CATALOGING SOURCE | |
| Transcribing agency | GE_BSU |
| 080 ## - UNIVERSAL DECIMAL CLASSIFICATION NUMBER | |
| Universal Decimal Classification number | 519.852.6(076.5)+004.42 |
| 245 ## - TITLE STATEMENT | |
| Title | პრაქტიკული სახელმძღვანელო გამოთვლების მეთოდებსა და პროგრამირებაში |
| 245 ## - TITLE STATEMENT | |
| Remainder of title | 2 ნაწ. |
| 245 ## - TITLE STATEMENT | |
| Statement of responsibility, etc. | რედ.ე. გიორგაძე |
| 260 ## - PUBLICATION, DISTRIBUTION, ETC. | |
| Place of publication, distribution, etc. | თბილისი |
| 260 ## - PUBLICATION, DISTRIBUTION, ETC. | |
| Name of publisher, distributor, etc. | სპი |
| 260 ## - PUBLICATION, DISTRIBUTION, ETC. | |
| Date of publication, distribution, etc. | 1980 |
| 300 ## - PHYSICAL DESCRIPTION | |
| Extent | 108გვ.20სმ. |
| 300 ## - PHYSICAL DESCRIPTION | |
| Accompanying material | ბიბლიოგრ; გვ.104 |
| 653 ## - INDEX TERM--UNCONTROLLED | |
| Uncontrolled term | პრაქტიკული სახელმძღვანელო გამოთვლების მეთოდებსა და პროგრამირებაში |
| 942 ## - ADDED ENTRY ELEMENTS (KOHA) | |
| Koha item type | წიგნი |
არაა ხელმისაწვდომი ეგზემპლარები.
